The Book of Interruptions : (Record no. 608135)

MARC details
000 -LEADER
fixed length control field 00483nam a2200193 a 4500
008 - FIXED-LENGTH DATA ELEMENTS--GENERAL INFORMATION
fixed length control field 260110s2007##################000#0#eng##
020 ## - INTERNATIONAL STANDARD BOOK NUMBER
ISBN 9783039113446
082 04 - DEWEY DECIMAL CLASSIFICATION NUMBER
Classification number 302
Item number HIL
100 1# - MAIN ENTRY--AUTHOR NAME
Personal name Hillman, David,
245 10 - TITLE STATEMENT
Title The Book of Interruptions :
260 ## - PUBLICATION, DISTRIBUTION, ETC. (IMPRINT)
Name of publisher Peter Lang,
Year of publication 2007.
300 ## - PHYSICAL DESCRIPTION
Number of Pages 158 pages
650 #0 - SUBJECT ADDED ENTRY--TOPICAL TERM
Topical Term Drama.
942 ## - ADDED ENTRY ELEMENTS (KOHA)
Koha item type English Books
Holdings
Withdrawn status Lost status Damaged status Not for loan Home library Current library Shelving location Date acquired Full call number Accession Number Price effective from Koha item type
        Anna Centenary Library Anna Centenary Library 3RD FLOOR, B WING 10.01.2026 302 HIL 216381 10.01.2026 English Books

Find us on the map